LEADER 05177oam 2200541 450 001 9910786966103321 005 20190911112729.0 010 $a981-4472-76-X 035 $a(OCoLC)828769114 035 $a(MiFhGG)GVRL8QXW 035 $a(EXLCZ)992670000000361844 100 $a20141118h20132013 uy 0 101 0 $aeng 135 $aurun|---uuuua 181 $ctxt 182 $cc 183 $acr 200 00$aNurturing reflective learners in mathematics $eyearbook 2013, Association of Mathematics Educators /$feditor, Berinderjeet Kaur, National Institute of Education, Nanyang Technological University, Singapore 210 $aSingapore $cWorld Scientific$dc2013 210 1$aNew Jersey :$cWorld Scientific,$d[2013] 210 4$d?2013 215 $a1 online resource (vi, 319 pages) $cillustrations (some color) 225 0 $aGale eBooks 300 $aDescription based upon print version of record. 311 $a981-4472-74-3 320 $aIncludes bibliographical references. 327 $aContents; Chapter 1 Nurturing Reflective Learners in Mathematics: An Introduction Berinderjeet KAUR; 1 Introduction; 2 Fundamentals for Nurturing Reflective Learners; 3 Instructional Tools for Nurturing Reflective Learners; 4 Approaches to Teaching for Nurturing Reflective Learners; 5 Some Concluding Thoughts; References; Chapter 2 The Neurocognition of Reflection: The Mystery in Learning, the Essence of Teaching, From Mystery to Mastery Frank Chee Tet VOON; 1 Introduction; 2 How Do We Really Learn?; 3 The Two Phases of Understanding and Recall; 4 Neuroanatomy; 5 Neural Pathways 327 $a6 Wiring and Firing Together7 The Myelin Sheath; 8 New and Emerging Ideas in Neurocognition; 9 Deep Practice; 10 Neuronal Networks; 11 An Analogy of Learning Paths as Learning New Routes of Travel; 12 An Example of Collaborative Learning; 13 Use of Technology; 14 Neurocognition, Learning and Mastery; 15 Conclusion; Acknowledgements; References; Appendix; Chapter 3 Working with the Whole Psyche: Nurturing Reflective Learners John MASON; 1 Introduction; 2 Approach; 3 Preliminary Tasks; 3.1 Arithmetical relations & properties; 3.2 Recognition11; 4 Interlude on the Structure of the Psyche 327 $a5 Mathematical Themes5.1 Doing & undoing additively; 5.2 Doing & undoing unexpectedly; 5.3 Doing & undoing multiplicatively; 5.4 Reflections; 6 Geometry as Context; 6.1 Alternating sums of squares; 6.2 More alternating sums of squares; 6.3 The carpet theorem; 7 Area and Perimeter as Context; 7.1 More or less (perimeter and area); 8 Recognising Types of Numbers as Context; 8.1 Four consecutive sums; 8.2 Consecutive sums; 8.3 One more than the product of four consecutive numbers; 8.4 Sundaram's grid; 8.5 Generalising patterns from 2; 9 Reflection on Nurturing Reflection; References 327 $aChapter 4 Knowledge and Beliefs for Nurturing Reflective Learners of Rational Number Concepts Kim BESWICK1 Introduction; 2 Teacher Knowledge and Nurturing Reflective Learners; 3 Teacher Beliefs and Nurturing Reflective Learners; 4 Learning Rational Number Concepts; 5 Examples of Reflective Learning; 5.1 Understanding one third: Year 2; 5.2 Comparing fractions: Year 5; 5.3 Understanding equivalent fractions: Year 7; 6 Reflective Learners and the Teacher Knowledge and Beliefs that Support Them; 7 Conclusion; Acknowledgement; References 327 $aChapter 5 Metacognitive Reflection at Secondary Level WONG Khoon Yoong1 Introduction: Two Aspects of Metacognition; 2 Metacognition During Problem Solving; 2.1 Metacognitive processes and metacognitive questions; 2.2 Local studies about problem solving behaviours; 2.3 Teaching metacognition; 3 Equip Students to Regulate their Learning; 3.1 Local studies about learning strategies in mathematics; 3.2 Teaching self-regulation of learning; 4 Concluding Remarks; References 327 $aChapter 6 Reflecting on an Excellent Teacher's Video Recorded Mathematics Lesson: What Can We Learn? LIM Chap Sam CHEW Cheng Meng 330 $aThis fifth volume in the series of yearbooks by the Association of Mathematics Educators in Singapore entitled Nurturing Reflective Learners in Mathematics is unique in that it focuses on a single theme in mathematics education. The objective is to encourage teachers and researchers to advance reflection among students and teachers in mathematics classrooms.Several renowned international and Singapore researchers in the field have published their work in this volume. The fifteen chapters of the book illustrate evidence-based practices that school teachers and researchers can experiment with in 606 $aMathematics$xStudy and teaching 606 $aReflective learning 606 $aReflective teaching 615 0$aMathematics$xStudy and teaching. 615 0$aReflective learning. 615 0$aReflective teaching. 676 $a510.71 702 $aKaur$b Berinderjeet$f1955- 712 02$aAssociation of Mathematics Educators (Singapore) 801 0$bMiFhGG 801 1$bMiFhGG 906 $aBOOK 912 $a9910786966103321 996 $aNurturing reflective learners in mathematics$93870983 997 $aUNINA LEADER 01118nas 2200409 a 450 001 996198050803316 005 20240413012212.0 011 $a1608-3156 035 $a(OCoLC)48463555 035 $a(CKB)954925403630 035 $a(CONSER) 2008233385 035 $a(DE-599)ZDB2057148-3 035 $a(EXLCZ)99954925403630 100 $a20011120a19639999 sy 101 0 $aeng 135 $aurmnu||||| 181 $ctxt$2rdacontent 182 $cc$2rdamedia 183 $acr$2rdacarrier 200 10$aHigh temperature 210 $a[Moscow, Russia] $cMAIK Nauka/Interperiodica$d1963- 300 $aRefereed/Peer-reviewed 311 $a0018-151X 531 $aHIGH TEMP+ 531 $aHIGH TEMP 531 0 $aHigh temp. 606 $aHigh temperatures$vPeriodicals 606 $aHautes tempe?ratures$vPe?riodiques 606 $aHigh temperature$2gtt$3(NL-LeOCL)078535743 615 0$aHigh temperatures 615 6$aHautes tempe?ratures 615 17$aHigh temperature. 676 $a536.57 906 $aJOURNAL 912 $a996198050803316 996 $aHigh temperature$9796018 997 $aUNISA LEADER 03805nam 22007335 450 001 9910746297103321 005 20251008164929.0 010 $a981-9952-81-6 024 7 $a10.1007/978-981-99-5281-6 035 $a(MiAaPQ)EBC30746933 035 $a(Au-PeEL)EBL30746933 035 $a(CKB)28269179500041 035 $a(DE-He213)978-981-99-5281-6 035 $a(OCoLC)1399436340 035 $a(EXLCZ)9928269179500041 100 $a20230916d2023 u| 0 101 0 $aeng 135 $aurcnu|||||||| 181 $ctxt$2rdacontent 182 $cc$2rdamedia 183 $acr$2rdacarrier 200 10$aNovel Technologies in Biosystems, Biomedical & Drug Delivery /$fedited by Shrikaant Kulkarni, A. K. Haghi, Sonali Manwatkar 205 $a1st ed. 2023. 210 1$aSingapore :$cSpringer Nature Singapore :$cImprint: Springer,$d2023. 215 $a1 online resource (0 pages) 225 1 $aBiomedical and Life Sciences Series 311 08$aPrint version: Kulkarni, Shrikaant Novel Technologies in Biosystems, Biomedical and Drug Delivery Singapore : Springer Singapore Pte. Limited,c2023 9789819952809 320 $aIncludes bibliographical references. 327 $aChapter 1. Editorial: Biosystems -- 2. Potential of Biotechnology in cancer management -- 3. Biosimilars: Promising and Rapidly Emerging Biotherapeutics -- 4. Applications of Nanomaterials in Medicine: Current status and future scope -- 5. Biomedical Applications of Nanofluids in Drug Delivery. 330 $aThe book gives an insight into the theoretical background, conceptual understanding, latest developments, and applications in the field of pharmaceuticals in general and drug design, discovery, biosystems, and biomedical and drug delivery technologies in particular . Knowledge is drawn from various disciplines such as Chemistry, Biology, Material Science and Engineering, Statistics, Biomedicine, and Genetics . A host of applications like bio-imaging, novel biological agents, testing, characterization and validation of drugs, computer-based models in drug design, and application of statistical tools in data analysis, design, and development of drug delivery systems, and ecosystems are dealt with in detail. The said book undoubtedly confirms the requirements of the postgraduate students, research scholars, academicians, scientists, and researchers from the academia, pharmaceutical, biotechnology, and chemical engineering domain. The book covers a conceptual understanding of the exploration of drugs in tandem with intended uses, sound ecosystem development, and carriers for drug and supplement delivery. 410 0$aBiomedical and Life Sciences Series 606 $aMedicine$xResearch 606 $aBiology$xResearch 606 $aDrug delivery systems 606 $aGenetics$xResearch 606 $aImaging systems in biology 606 $aBiology$xTechnique 606 $aBiomedical Research 606 $aDrug Delivery 606 $aGenetics Research 606 $aBiological Imaging 606 $aBiological Techniques 615 0$aMedicine$xResearch. 615 0$aBiology$xResearch. 615 0$aDrug delivery systems. 615 0$aGenetics$xResearch. 615 0$aImaging systems in biology. 615 0$aBiology$xTechnique. 615 14$aBiomedical Research. 615 24$aDrug Delivery. 615 24$aGenetics Research. 615 24$aBiological Imaging. 615 24$aBiological Techniques. 676 $a610.28 702 $aKulkarni$b Shrikaant 702 $aHaghi$b A. K. 702 $aManwatkar$b Sonali 801 0$bMiAaPQ 801 1$bMiAaPQ 801 2$bMiAaPQ 906 $aBOOK 912 $a9910746297103321 996 $aNovel Technologies in Biosystems, Biomedical & Drug Delivery$93883864 997 $aUNINA